| Tag |
First Indicator |
Second Indicator |
Subfields |
| LEADER |
00000cas a2200000 a 4500 |
| 001 |
in00003338024 |
| 005 |
20151205140528.0 |
| 006 |
m o d |
| 007 |
cr ||||||||||| |
| 008 |
100616d19781990wauqr poo 0 a0eng c |
| 010 |
|
|
|a 2010235212
|
| 022 |
0 |
|
|a 2329-3802
|y 2154-2945
|2 1
|
| 029 |
1 |
|
|a NZ1
|b 13743737
|
| 035 |
|
|
|a (OCoLC)ocn642056109
|
| 035 |
|
|
|a (OCoLC)642056109
|
| 040 |
|
|
|a EYM
|c EYM
|d EYM
|d HUL
|d OCLCQ
|d DLC
|d TXA
|d UtOrBLW
|
| 042 |
|
|
|a pcc
|a nsdp
|
| 049 |
|
|
|a TXAM
|
| 050 |
1 |
4 |
|a JA1
|b .D53 Electronic
|
| 082 |
1 |
0 |
|a 350/.0005
|2 23
|
| 130 |
0 |
|
|a Dialog (Public Administration Theory Network : Online)
|
| 222 |
|
0 |
|a Dialog
|b (Public Administration Theory Network. Online)
|
| 245 |
1 |
0 |
|a Dialog /
|c Public Administration Theory Network.
|
| 246 |
1 |
|
|i Beginning with vol. 1, no. 2 (Nov./Dec. 1978), issues have title:
|a Dialogue
|
| 264 |
|
1 |
|a Olympia, WA :
|b Public Administration Theory Network,
|c 1978-1990.
|
| 310 |
|
|
|a 4 issues yearly,
|b fall 1981-1990
|
| 321 |
|
|
|a Six issues yearly,
|b 1978-July/Aug. 1981
|
| 336 |
|
|
|a text
|b txt
|2 rdacontent
|
| 337 |
|
|
|a computer
|b c
|2 rdamedia
|
| 338 |
|
|
|a online resource
|b cr
|2 rdacarrier
|
| 362 |
1 |
|
|a Began with: Vol. 1, no. 1 (Sept./Oct. 1978); ceased with: Vol. 12, no. 2 (winter 1990).
|
| 515 |
|
|
|a Vols. 13-14 never published.
|
| 588 |
|
|
|a Description based on Vol. 1, no. 1 (Sept./Oct. 1978); title from issue caption (JSTOR, June 16, 2010).
|
| 588 |
|
|
|a Final issue consulted: Vol. 12, no. 2 (winter 1990) (JSTOR website, June 3, 2013).
|
| 500 |
|
|
|a Electronic resource.
|
| 650 |
|
0 |
|a Public administration
|v Periodicals.
|
| 710 |
2 |
|
|a Public Administration Theory Network.
|
| 776 |
0 |
8 |
|i Print version:
|t Dialogue (Public Administration Theory Network)
|x 2154-2945
|w (DLC) 96643285
|w (OCoLC)17237727
|
| 785 |
0 |
0 |
|t Administrative theory & praxis (Online)
|x 1949-0461
|w (DLC) 2009201531
|w (OCoLC)60627160
|
| 948 |
|
|
|a cataloged
|b h
|c 2013/8/5
|d c
|e spoltoratski
|f 1:31:08 pm
|g sc
|
| 994 |
|
|
|a C0
|b TXA
|
| 999 |
|
|
|a MARS
|
| 999 |
f |
f |
|s e9b18b1f-af9d-38aa-8157-0b6c0e53f7fb
|i e781d961-8299-3468-9d8a-c1ba75e8c0ec
|t 0
|
| 952 |
f |
f |
|a Texas A&M University
|b College Station
|c Electronic Resources
|d Available Online
|t 0
|e JA1 .D53
|g Electronic
|h Library of Congress classification
|
| 998 |
f |
f |
|a JA1 .D53
|t 0
|l Available Online
|